| 000 | 00712cam a22002537a 4500 | ||
|---|---|---|---|
| 003 | CHAP | ||
| 005 | 20220329134413.0 | ||
| 008 | 971013s r 00010 d | ||
| 010 | _a20010 | ||
| 011 | _a20982 | ||
| 035 | _a25071 | ||
| 040 | _cCHAP | ||
| 090 | _aR-2260 | ||
| 100 | 0 | 0 |
_aAnslow, R. C. _96016 |
| 245 | 1 | 4 | _aThe seasonal growth pasture grasses |
| 500 | _aSobretiro de: Journal Agricultural Science 68:109-122, 1967 | ||
| 590 |
_aBATCH-UPD _b10 _c20130110 _lUCH01 _h2150 |
||
| 590 |
_aCONVERSION _b10 _c20130109 _lUCH01 _h1312 |
||
| 650 | 1 | 4 |
_aPastos _xCrecimiento. _986012 |
| 700 | 0 |
_aGreen, J. O. _950551 |
|
| 901 | _aBK | ||
| 942 | _cREIMP | ||
| 949 |
_aR-2260 _bBC _cR _d-57775 _eTS1 _i25071 _mD _si |
||
| 999 |
_c20010 _d20010 |
||